• 首页
  • 本馆介绍
  • 公告通知
  • 最新文献
  • 馆藏检索
  • 电子资源
  • 读者导购
  • 参考咨询
  • 我的图书馆
  • 登录
  • 详细信息显示
  • 放入我的书架
  • 预约/预借图书
  • 作者相关作品
  • 分类相关作品
  • 丛书相关作品
  • 出版社相关作品

书目信息

  • 表格格式
  • 工作单格式
  • 卡片格式
题名:
国际专利分类简表
    
 
作者: ;中国专利局文献服务中心 编译
分册:  
出版信息: 北京   专利文献出版社  1983
页数: 153页
开本: 17cm
丛书名:
单 册:
中图分类: G254.124
科图分类:
主题词: 专利分类法--国际
电子资源:
ISBN:
000 00687nam0 2200229 45
001 0183009677
005 20060810082413.18
010    @b塑精装@dCNY1.25
091    @aCN@b17242.8
100    @a19950622d1983 em y0chiy0121 ea
101 0  @achi
102    @aCN@b110000
105    @ak z 000yy
200 10 @a国际专利分类简表@Aguo ji zhuan li fen lei jian biao@f中国专利局文献服务中心编译
210    @a北京@c专利文献出版社@d1983
215    @a153页@d17cm
606    @a专利分类法@x国际
690    @aG254.124@v3
711 02 @a中国专利局文献服务中心@Azhong guo zhuan li ju wen xian fu wu zhong xin@4编译
801  2 @aCN@bNLC@c20060810
801  0 @aCN@bTSSF
905    @a10447@dG254.124@e87=3
    
    国际专利分类简表/中国专利局文献服务中心编译.-北京:专利文献出版社,1983
    153页;17cm
    
    
    ISBN (塑精装):CNY1.25
    
●
相关链接 在E读中查询图书 在五车中查询图书 在当当中查询图书 在豆瓣中查询图书


正题名:国际专利分类简表     索取号:G254.124/87=3         预约/预借

序号 登录号 条形码 馆藏地/架位号 状态 备注
1 0448208   204482087   密集书库/ [索取号:G254.124/87=3] 在馆    
2 0448209   204482096   密集书库/ [索取号:G254.124/87=3] 在馆    
唐山师范学院图书馆 欢迎您!
大连网信软件有限公司© 版权所有